Cristal de ilusiones / (Registro nro. 7277)

Detalles MARC
000 -LEADER
fixed length control field 00786nam a2200253 a 4500
001 - CONTROL NUMBER
control field 000010167
003 - CONTROL NUMBER IDENTIFIER
control field DO-SdBNP
005 - DATE AND TIME OF LATEST TRANSACTION
control field 20230824101140.0
007 - PHYSICAL DESCRIPTION FIXED FIELD--GENERAL INFORMATION
fixed length control field 000010167
008 - FIXED-LENGTH DATA ELEMENTS--GENERAL INFORMATION
fixed length control field 091005s1995 dr a 000 p spa d
040 ## - CATALOGING SOURCE
Original cataloging agency BPMSU
Language of cataloging spa
Transcribing agency BPMSU
082 #4 - DEWEY DECIMAL CLASSIFICATION NUMBER
Classification number RD861.44
Item number G861c
Edition number 22
100 1# - MAIN ENTRY--PERSONAL NAME
Personal name Grimaldi Silié, Eleanor,
Dates associated with a name 1948-
245 10 - TITLE STATEMENT
Title Cristal de ilusiones /
Statement of responsibility, etc. Eleanor Grimaldi Silié ; ilustrador Teresita Jiménez.
Medium
260 ## - PUBLICATION, DISTRIBUTION, ETC. (IMPRINT)
Place of publication, distribution, etc. Santo Domingo :
Name of publisher, distributor, etc. Taller,
Date of publication, distribution, etc. 1995.
300 ## - PHYSICAL DESCRIPTION
Extent 52 p. :
Other physical details il. ;
Dimensions 21 cm.
650 #4 - SUBJECT ADDED ENTRY--TOPICAL TERM
Topical term or geographic name as entry element POESÍA DOMINICANA
650 #4 - SUBJECT ADDED ENTRY--TOPICAL TERM
Topical term or geographic name as entry element LITERATURA DOMINICANA
700 1# - ADDED ENTRY--PERSONAL NAME
Personal name Jiménez, Teresita,
Relator term il.
910 ## - USER-OPTION DATA (OCLC)
User-option data Validado. Control de calidad BNPHU
942 ## - ADDED ENTRY ELEMENTS (KOHA)
Source of classification or shelving scheme Dewey Decimal Classification
Koha item type Libros
945 ## - LOCAL PROCESSING INFORMATION (OCLC)
a Inventariado / 2017 VM
956 ## - LOCAL ELECTRONIC LOCATION AND ACCESS (OCLC)
Host name VMATEO
Access number 10
Compression information 20150922
Logon BPMSU
Processor of request 0069
Existencias
Withdrawn status Lost status Source of classification or shelving scheme Damaged status Not for loan Collection code Home library Current library Date acquired Source of acquisition Total Checkouts Full call number Barcode Date last seen Price effective from Koha item type Copy number
    Dewey Decimal Classification     Colección Dominicana Biblioteca Pública Metropolitana Salomé Ureña Biblioteca Pública Metropolitana Salomé Ureña 01/28/2015 FUNDI   RD861.44 G861c BPMSU15040900 01/28/2015 01/28/2015 Libros  
    Dewey Decimal Classification     Colección Dominicana Biblioteca Pública Metropolitana Salomé Ureña Biblioteca Pública Metropolitana Salomé Ureña 02/02/2015 FUNDI   RD861.44 G861c BPMSU15040901 02/02/2015 02/02/2015 Libros e. 2
    Dewey Decimal Classification     Colección Dominicana Biblioteca Pública Metropolitana Salomé Ureña Biblioteca Pública Metropolitana Salomé Ureña 04/10/2015 FUNDI   RD861.44 G861c BPMSU15040902 04/10/2015 04/10/2015 Libros e. 3